|
|
|
|
| LEADER |
01633cas a2200241 a 4500 |
| 001 |
AALejournalIMF008439 |
| 008 |
230101c9999 xx r poo 0 0eng d |
| 020 |
|
|
|c 5.00 USD
|
| 020 |
|
|
|z 9781451823226
|
| 022 |
|
|
|a 1934-7685
|
| 040 |
|
|
|a BD-DhAAL
|c BD-DhAAL
|
| 110 |
2 |
|
|a International Monetary Fund.
|
| 245 |
1 |
0 |
|a St. Lucia :
|b Debt Sustainability Analysis.
|
| 264 |
|
1 |
|a Washington, D.C. :
|b International Monetary Fund,
|c 2003.
|
| 300 |
|
|
|a 1 online resource (6 pages)
|
| 490 |
1 |
|
|a IMF Staff Country Reports
|
| 500 |
|
|
|a <strong>Off-Campus Access:</strong> No User ID or Password Required
|
| 500 |
|
|
|a <strong>On-Campus Access:</strong> No User ID or Password Required
|
| 506 |
|
|
|a Electronic access restricted to authorized BRAC University faculty, staff and students
|
| 520 |
3 |
|
|a This paper presents a debt sustainability analysis for St. Lucia. The medium-term scenario prepared by the IMF staff assumes continued fiscal consolidation and thus is compatible with sustainable debt levels even in the presence of adverse economic shocks. Stress tests show that stabilizing the debt/GDP ratio for the public sector at around the levels prevailing in 2002/03 would allow the absorption of economic shocks without generating unstable debt dynamics. Most temporary shocks would, however, shift the debt ratio upward, and further adjustment would be necessary to restore the preshock level.
|
| 538 |
|
|
|a Mode of access: Internet
|
| 830 |
|
0 |
|a IMF Staff Country Reports; Country Report ;
|v No. 2003/139
|
| 856 |
4 |
0 |
|z Full text available on IMF
|u http://elibrary.imf.org/view/journals/002/2003/139/002.2003.issue-139-en.xml
|z IMF e-Library
|